| 000 | 01119nam a22003257a 4500 | ||
|---|---|---|---|
| 003 | CHAP | ||
| 005 | 20220329143301.0 | ||
| 008 | 080128d2006 es ad r 00110 spa d | ||
| 010 | _a94385 | ||
| 011 | _a95357 | ||
| 020 | _a8420010669 | ||
| 035 | _a105980 | ||
| 040 | _cCHAP | ||
| 082 | 0 | 4 |
_a664.8 _bY6Y 2003 |
| 100 | 0 | 0 |
_aYousef, Ahmed E. _9123255 |
| 245 | 1 | 0 |
_aMicrobiología de los alimentos : _bmanual de laboratorio _c/by Ahmed E. Yousef y Carolyn Carlstrom |
| 260 |
_aZaragoza : _bAcribia, _c2006 |
||
| 300 |
_a303 p. : _bilus. ; gráf. ; tablas ; diagramas |
||
| 500 | _aTrad. de : Food Microbiology : a laboratory manual, 2003 | ||
| 590 |
_aBATCH-UPD _b10 _c20130110 _lUCH01 _h0516 |
||
| 590 |
_aBATCH-UPD _b10 _c20130410 _lUCH01 _h0155 |
||
| 590 |
_aBATCH-UPD _b10 _c20130914 _lUCH01 _h0214 |
||
| 590 |
_aCONVERSION _b10 _c20130109 _lUCH01 _h1352 |
||
| 650 | 1 | 4 |
_aAlimentos _xBacteriología. _94171 |
| 650 | 1 | 4 |
_aMicrobiología. _975490 |
| 700 | 0 |
_aCarlstrom, Carolyn. _919001 |
|
| 901 | _aBK | ||
| 942 | _cLIBRO | ||
| 949 |
_a664.8 Y6Y 2003 _bBC _cLIBRO _d33724002048173 _eLIBRO _gI.c/e _h109123 _i105980 _si _t$468.00 |
||
| 999 |
_c94385 _d94385 |
||